Taylor Swift - Devine la chanson sans indices #28 - Statistiques

Statistiques générales
  • Ce quiz a été pris 293 fois
  • Le résultat moyen est 422 sur 496
Statistiques - réponses
Réponse % Correct
I
100%
a
99%
(oh!)
97%
oh!
97%
Oh,
97%
(oh)
97%
Ooh,
97%
you
97%
You
97%
The
95%
the
95%
and
93%
And
93%
do
92%
me
92%
me...
92%
me,
92%
on,
91%
to
91%
what
91%
What?
91%
your
91%
be
90%
like
89%
don't
88%
Don't
88%
in
88%
is
88%
it
88%
look
88%
Look
88%
made
88%
when
88%
No,
87%
no,
87%
all
86%
just
86%
of
86%
then
85%
time
85%
But
84%
but
84%
for
83%
I'm
83%
was
83%
got
80%
mine
78%
mine,
78%
'cause
77%
Why?
77%
can't
76%
dead,
76%
dead
76%
once,
76%
once
76%
play
76%
said
76%
games
75%
not
75%
she's
75%
They
75%
yours
75%
come
74%
How
74%
now
74%
lie
73%
twice,
73%
I'll
72%
old
72%
right
72%
bad
71%
fool
71%
karma
71%
list
71%
little
71%
names,
71%
nick
71%
Taylor
71%
think
71%
about
70%
dreams
70%
get
70%
phone
70%
red,
70%
role
70%
check
69%
drama,
69%
drama
69%
from
68%
laugh
68%
smarter,
68%
trust
68%
nobody
67%
one
67%
another
66%
day
66%
gun
66%
harder
66%
sorry
66%
actress
65%
underlined
65%
up
65%
you'll
64%
perfect
63%
rose
63%
stage
63%
trusts
63%
world
62%
belonged
60%
Isn't
60%
out
60%
cool,
59%
crime
58%
starring
58%
sure
57%
thing's
57%
asked
56%
place
55%
tilted
54%
sleep
52%
kingdom
51%
moves
50%
Honey,
47%
keys
47%
threw
47%
Maybe
46%
Locked
44%
feast
35%
Aucun quiz correspondant
Distribution des résultats
% des personnes avec chaque résultat
Percentile par nombre de réponses
Votre historique - résultats
Vous n’avez pas pris ce quiz